[Event "Stay Safe Play From Home 236"]
[Site "Emanuel Lasker Arena"]
[Date "2020.06.18"]
[Round "7"]
[White "Lazieri3"]
[Black "Lamborghini"]
[Result "1-0"]
[WhiteElo "2114"]
[BlackElo "2309"]
[Annotator "TA"]
[PlyCount "113"]
[EventDate "2020.06.18"]
[EventType "swiss (blitz)"]

{[%evp 9,112,54,77,42,63,40,82,33,56,58,204,207,229,67,67,70,88,69,72,56,110,45,73,44,46,23,54,38,24,30,45,0,65,63,100,75,63,54,85,67,101,4,349,349,679,21,910,609,1023,994,29997,29990,29995,331,304,303,335,335,335,326,332,328,304,279,279,112,614,600,587,550,522,512,504,489,6331,6311,6283,6252,29984,29985,29985,29986,29986,29987,29987,29988,29989,29990,29990,29990,29991,29992,29994,29993,29995,29995,29995,29996,29996,29997,29997,29998,29999,29999,29999]} 1. e4 g6 2. Nc3 Bg7 3. d4 e6 4. Be3 Ne7 5. Qd2 h6 6. Nf3 {B06: Modern Defence.} a6 {[#]} 7. Bc4 $146 ({Predecessor:} 7. d5 exd5 8. Nxd5 Nbc6 9. O-O-O d6 10. h3 Be6 11. Bc4 Qd7 12. Rhe1 g5 13. h4 {1-0 (25) Lauridsen,J (2295)-Nielsen,J (2154) Aalborg 2014}) 7... b5 8. Bb3 {White is better.} Bb7 9. d5 d6 ({Black should play} 9... exd5 $14 10. Nxd5 (10. exd5 Nf5 $11) 10... Bxd5 11. Bxd5 (11. exd5 Nf5 $16) 11... Nxd5 12. Qxd5 (12. exd5 Bxb2 13. Rb1 Bg7 $14) 12... Nc6) 10. dxe6 $18 fxe6 11. Bd4 $2 (11. Bxe6 $18 {Bd4 is the strong threat.} b4 12. Ne2) 11... e5 $1 $14 {[%cal Re5d4]} 12. Be3 Nbc6 13. Nd5 (13. a4 {looks sharper.} b4 14. Nd5 Na5 15. Nxe7 Nxb3 16. cxb3 Qxe7 17. Qxb4 c5 18. Qc4) 13... Nxd5 14. Bxd5 ({Don't play} 14. Qxd5 $6 Qf6 $11) 14... Qd7 (14... Qc8 $14) 15. O-O-O (15. Nh4 $16) 15... O-O-O 16. a3 g5 17. h3 Rhf8 18. Rhe1 Ne7 {[%cal Bc6e7,Be7c8,Bc8b6,Bb6c4][%mdl 32]} 19. Bxb7+ Kxb7 20. Qa5 Qc6 (20... d5 $11 21. exd5 Nxd5) 21. Nd2 $1 Nc8 22. f3 Nb6 23. Nb3 Nc4 24. Qb4 Ka8 25. Bg1 ({White should try} 25. Na5 $16 Nxa5 26. Qxa5) 25... d5 $2 {[%mdl 8192] Black is on the road to losing.} (25... h5 $1 $11) 26. exd5 $18 Rxd5 $2 (26... Qd6 27. Bc5 {[%mdl 64] Skewer} Qg6 28. Bxf8 Bxf8) 27. Na5 $2 (27. Rxd5 $18 {And now Red1 would win.} Qxd5 28. Rd1) 27... Qd7 $2 {[%mdl 8192]} (27... Rxd1+ $11 28. Rxd1 Nxa5) 28. Nxc4 bxc4 29. Qxc4 {[%mdl 64] [#] Double Attack} Rd8 30. Rxd5 Qxd5 31. Qxd5+ $2 (31. Qxa6+ {mates} Kb8 32. Ba7+ Ka8 33. Bb6+ {[%mdl 64] Discovered Attack} Kb8 34. Qa7+ {[%mdl 64] Double Attack} Kc8 35. Qxc7#) 31... Rxd5 {[%mdl 4096] Endgame KRB-KRB} 32. Rd1 c6 33. Rxd5 cxd5 {KB-KB} 34. c3 Kb7 35. b4 Kc6 36. a4 e4 37. fxe4 (37. Kd2 $18) 37... dxe4 $2 {[%mdl 8192]} (37... Bxc3 $16 38. b5+ axb5) 38. Kc2 Kd5 39. Be3 Be5 40. b5 axb5 41. axb5 Bf4 (41... Kc4 $142 42. b6 Kd5) 42. Bxf4 gxf4 {[#]} 43. c4+ $1 {[%mdl 576] Promotion} Kxc4 {K3P-K3P} 44. b6 {White mates.} f3 45. gxf3 exf3 {KPP-KPP} 46. Kd2 Kd4 47. b7 Ke4 48. b8=Q Kf5 49. Qg3 h5 50. Qxf3+ Kg5 51. Qg3+ Kh6 52. h4 Kh7 53. Ke3 Kh6 54. Kf4 Kh7 55. Kf5 Kh6 56. Kf6 {[%csl Gf6][%cal Rg3g7]} Kh7 57. Qg7# {Accuracy: White = 55%, Black = 35%.} 1-0

[Event "Stay Safe Play From Home 236"]
[Site "Emanuel Lasker Arena"]
[Date "2020.06.18"]
[Round "7"]
[White "Position"]
[Black "Broken sword"]
[Result "1/2-1/2"]
[WhiteElo "2103"]
[BlackElo "2410"]
[Annotator "TA"]
[PlyCount "79"]
[EventDate "2020.06.18"]
[EventType "swiss (blitz)"]

{[%evp 9,79,0,0,-7,0,-12,-12,-15,0,-37,-18,-60,-32,-36,-25,-31,-5,-29,-34,-55,-64,-75,-26,-18,-26,-17,-16,-18,0,0,86,88,65,68,66,64,202,121,155,72,68,69,80,68,68,72,412,0,0,0,0,0,0,0,176,0,0,0,0,-112,0,-97,0,0,0,0,0,0,0,0,0,0]} 1. e4 c5 2. Nc3 e6 3. d3 a6 4. g3 d5 5. Bg2 d4 6. Nce2 {B23: Closed Sicilian: Lines without g3.} Nc6 7. Nf3 e5 8. O-O {[#]} f6 $146 ({Predecessor:} 8... Nf6 9. Bd2 Qb6 10. b3 Bd6 11. Ne1 O-O 12. f4 Re8 13. f5 Bf8 14. Rf3 Qc7 {0-1 (29) Baradaran,A-Balzano,F (1777) Vung Tau 2008}) 9. Kh1 Bd6 10. Nfg1 Be6 11. f4 Nge7 12. fxe5 Nxe5 (12... Bxe5 {seems wilder.} 13. Nf4 Bf7 14. Bh3 Qd6 15. Nf3 Ng6) 13. Nf3 Qd7 14. Nxe5 Bxe5 15. Nf4 Bf7 16. Bh3 Qd6 17. Nh5 O-O 18. Qg4 {[%csl Gh5][%cal Rg4g7]} Bxh5 19. Qxh5 Ng6 (19... Rae8 $11 {keeps the balance.}) 20. Bf5 $1 $36 {[%mdl 2048] White has strong initiative.} Rf7 21. Bxg6 hxg6 22. Qxg6 b5 ({Black should try} 22... c4 $1 $14) 23. Bf4 (23. Rf5 $18) 23... Re8 24. Bxe5 ({White should play} 24. Bd2) 24... Rxe5 25. Rf5 c4 26. Raf1 cxd3 27. cxd3 Rc7 $2 {[%mdl 8192]} (27... Rxf5 $16 {is a better chance.} 28. Rxf5 (28. Qxf5 Rc7 $16) 28... Qb4) 28. Rh5 $2 (28. Rxf6 $1 $18 Qe7 29. R6f4) 28... Rxh5 $11 29. Qe8+ Qf8 30. Qxh5 {[%mdl 4096] Endgame KQR-KQR} Qf7 31. Qf5 Qd7 $2 (31... Qxa2 $11 32. Qf2 Qb3) 32. Qh5 $2 (32. Qxd7 $18 Rxd7 33. Rc1) 32... Qf7 33. Qg4 Qxa2 34. e5 (34. Rxf6 $11 Rc2 35. Rf1) 34... fxe5 (34... Qd5+ $17 35. Kg1 Qxe5) 35. Qf5 {[#]} (35. Kg1 $11 {remains equal.}) 35... Rf7 ({Don't play} 35... Qxb2 $6 36. Qe6+ Kh7 37. Qxe5 $11) ({Better is} 35... Qf7 $1 $17 {[%cal Rf7f5]} 36. b4 Qxf5 37. Rxf5 {[#]} e4 $1 {[%mdl 512]} 38. dxe4 Rc4) 36. Qc8+ {The position is equal.} Kh7 37. Qh3+ Kg8 {...Rxf1+ is the strong threat.} 38. Qc8+ Kh7 39. Qh3+ Kg8 {Hoping for ...Rxf1+.} 40. Qc8+ {Accuracy: White = 62%, Black = 56%.} 1/2-1/2

[Event "Stay Safe Play From Home 236"]
[Site "Emanuel Lasker Arena"]
[Date "2020.06.18"]
[Round "7"]
[White "Bardellosport"]
[Black "little champs"]
[Result "0-1"]
[WhiteElo "2052"]
[BlackElo "2246"]
[Annotator "TA"]
[PlyCount "56"]
[EventDate "2020.06.18"]
[EventType "swiss (blitz)"]

{[%evp 9,56,-150,-48,-118,-26,-76,15,-58,-62,-87,-86,-84,-76,-70,-52,-109,-88,-139,-135,-125,-131,-119,-91,-81,-69,-610,-605,-993,-973,-1045,-1031,-1022,-995,-29984,-1075,-1173,-1154,-29987,-29986,-29986,-29987,-29990,-29988,-29992,-29992,-29994,-29995,-29995,-29996]} 1. d4 d5 2. e4 c6 3. f3 dxe4 4. fxe4 e5 5. c3 exd4 (5... Qh4+ $17 6. Kd2 Qxe4) 6. cxd4 {[#] B12: Caro-Kann: Advance Variation.} ({White should try} 6. Nf3 $15) 6... Nf6 $146 ({Black should play} 6... Qh4+ $17 7. g3 Qxe4+ {[%mdl 64] Double Attack} 8. Qe2 Nf6 9. Qxe4+ Nxe4) ({Predecessor:} 6... Qh4+ 7. g3 Qxe4+ 8. Qe2 Bb4+ 9. Nc3 Bf5 10. Bg2 Qxe2+ 11. Ngxe2 Nf6 12. a3 Ba5 {0-1 (37) Balaian,A-Melnikov,N (1840) Krasnodar 2005}) 7. Nf3 Bb4+ (7... Nxe4 $17 8. Bd3 Bb4+ 9. Nbd2 Nxd2 10. Bxd2 Bxd2+ 11. Qxd2 Qe7+ 12. Be2 Be6) 8. Nbd2 (8. Bd2 $11 Qe7 9. Bxb4 Qxb4+ {[%mdl 64] Double Attack} 10. Qd2) 8... Nxe4 $15 9. Bd3 Nxd2 10. Bxd2 Bxd2+ 11. Qxd2 O-O 12. O-O-O (12. O-O $15 Nd7 13. Rae1) 12... Bg4 13. h3 (13. Qf4 $142 Bxf3 14. Qxf3) 13... Bxf3 $1 $17 14. gxf3 Nd7 15. Rhg1 {Intending Rxg7+! and mate.} Nf6 16. Qh6 {[%csl Gg1][%cal Rh6g7]} g6 17. Bxg6 $2 {[%mdl 8192] White does not recover from this.} (17. f4 $15) 17... fxg6 $19 18. Rxg6+ hxg6 19. Qxg6+ Kh8 20. d5 Qe7 21. Rd4 Rf7 (21... Qc5+ $142 22. Kb1 Qxd4 23. a3 Qd1+ 24. Ka2 Rae8 25. Qb1 Qxd5+ 26. Ka1 Qxf3 27. Ka2 Re3 28. h4 Rfe8 29. Qc1 Qd5+ 30. Kb1 {[#]} Qb3 $1 {[%mdl 512]} 31. Ka1 Re1 $1 {[%mdl 512]} 32. Kb1 R8e2 33. Ka1 Rxc1#) 22. Rh4+ Rh7 23. d6 Qe3+ {Black mates.} 24. Kc2 Qf2+ 25. Kb3 Qxh4 26. d7 Rd8 27. Qe8+ Nxe8 28. dxe8=Q+ Rxe8 {Accuracy: White = 10%, Black = 56%.} 0-1

[Event "Stay Safe Play From Home 236"]
[Site "Emanuel Lasker Arena"]
[Date "2020.06.18"]
[Round "7"]
[White "Souchov"]
[Black "Tartak"]
[Result "1-0"]
[WhiteElo "1834"]
[BlackElo "1717"]
[Annotator "NA RC"]
[PlyCount "105"]
[EventDate "2020.06.18"]
[EventType "swiss (blitz)"]

1. e4 {[%emt 0:00:02]} e6 {[%emt 0:00:01]} 2. d4 {[%emt 0:00:02]} d5 {[%emt 0:00:01]} 3. Nd2 {[%emt 0:00:00]} c5 {[%emt 0:00:01]} 4. exd5 {[%emt 0:00:01]} exd5 {[%emt 0:00:01]} 5. dxc5 {[%emt 0:00:00]} Bxc5 {[%emt 0:00:01]} 6. Ngf3 {[%emt 0:00:01]} Nf6 {[%emt 0:00:01]} 7. Bd3 {[%emt 0:00:02]} Qb6 {[%emt 0:00:01]} 8. O-O {[%emt 0:00:00]} Nc6 {[%emt 0:00:01]} 9. b3 {[%emt 0:00:01]} Bd4 {[%emt 0:00:03]} 10. Rb1 {[%emt 0:00:02]} Bc3 {[%emt 0:00:01]} 11. a3 {[%emt 0:00:03]} O-O {[%emt 0:00:02]} 12. Bb2 {[%emt 0:00:02]} Bxb2 {[%emt 0:00:02]} 13. Rxb2 {[%emt 0:00:00]} Bg4 {[%emt 0:00:01]} 14. h3 {[%emt 0:00:01]} Bxf3 {[%emt 0:00:03]} 15. Qxf3 {[%emt 0:00:00]} Qd4 {[%emt 0:00:02]} 16. Rbb1 {[%emt 0:00:01]} Rae8 {[%emt 0:00:01]} 17. Qg3 {[%emt 0:00:01]} Ne5 {[%emt 0:00:02]} 18. Rbd1 {[%emt 0:00:03]} Nxd3 {[%emt 0:00:01]} 19. Qxd3 {[%emt 0:00:01]} Qxd3 {[%emt 0:00:01]} 20. cxd3 {[%emt 0:00:00]} b6 {[%emt 0:00:02]} 21. Rfe1 {[%emt 0:00:01]} a5 {[%emt 0:00:01]} 22. Kf1 {[%emt 0:00:01]} g6 {[%emt 0:00:01]} 23. Rxe8 {[%emt 0:00:01]} Rxe8 {[%emt 0:00:01]} 24. Re1 {[%emt 0:00:01]} Re6 {[%emt 0:00:01]} 25. Rxe6 {[%emt 0:00:01]} fxe6 {[%emt 0:00:01]} 26. Nf3 {[%emt 0:00:00]} Kg7 {[%emt 0:00:02]} 27. Ne5 {[%emt 0:00:02]} g5 {[%emt 0:00:03]} 28. a4 {[%emt 0:00:01]} h5 {[%emt 0:00:01]} 29. Ke2 {[%emt 0:00:01]} g4 {[%emt 0:00:01]} 30. hxg4 {[%emt 0:00:01]} hxg4 {[%emt 0:00:01]} 31. g3 {[%emt 0:00:03]} Kh6 {[%emt 0:00:01]} 32. Ke3 {[%emt 0:00:01]} Kg5 {[%emt 0:00:01]} 33. Kd4 {[%emt 0:00:03]} Kf5 {[%emt 0:00:02]} 34. Nc6 {[%emt 0:00:04]} e5+ {[%emt 0:00:01]} 35. Nxe5 {[%emt 0:00:01]} Ne4 {[%emt 0:00:00]} 36. dxe4+ {[%emt 0:00:01]} dxe4 {[%emt 0:00:00]} 37. Nc4 {[%emt 0:00:01]} e3 {[%emt 0:00:01]} 38. Nxe3+ {[%emt 0:00:01]} Ke6 {[%emt 0:00:01]} 39. Kc4 {[%emt 0:00:00]} Kd6 {[%emt 0:00:01]} 40. Nxg4 {[%emt 0:00:01]} Kc6 {[%emt 0:00:01]} 41. Ne3 {[%emt 0:00:00]} Kd6 {[%emt 0:00:01]} 42. Kb5 {[%emt 0:00:01]} Kc7 {[%emt 0:00:01]} 43. Nc4 {[%emt 0:00:00]} Kb7 {[%emt 0:00:01]} 44. Nxb6 {[%emt 0:00:01]} Ka7 {[%emt 0:00:01]} 45. Nc4 {[%emt 0:00:00]} Kb7 {[%emt 0:00:01]} 46. Nxa5+ {[%emt 0:00:00]} Ka7 {[%emt 0:00:00]} 47. g4 {[%emt 0:00:00]} Kb8 {[%emt 0:00:02]} 48. g5 {[%emt 0:00:00]} Kc7 {[%emt 0:00:00]} 49. g6 {[%emt 0:00:00]} Kd7 {[%emt 0:00:00]} 50. g7 {[%emt 0:00:00]} Ke6 {[%emt 0:00:00]} 51. g8=Q+ {[%emt 0:00:00]} Ke5 {[%emt 0:00:00]} 52. Nc6+ {[%emt 0:00:00]} Ke4 {[%emt 0:00:01]} 53. a5 {[%emt 0:00:00] Time} 1-0

[Event "Stay Safe Play From Home 236"]
[Site "Emanuel Lasker Arena"]
[Date "2020.06.18"]
[Round "7"]
[White "Aktürk"]
[Black "NeatFox"]
[Result "0-1"]
[WhiteElo "1493"]
[BlackElo "1742"]
[Annotator "NA RC"]
[PlyCount "74"]
[EventDate "2020.06.18"]
[EventType "swiss (blitz)"]

1. e3 {[%emt 0:00:01]} d5 {[%emt 0:00:01]} 2. Qf3 {[%emt 0:00:00]} e6 {[%emt 0:00:00]} 3. Qg3 {[%emt 0:00:00]} Nf6 {[%emt 0:00:01]} 4. b3 {[%emt 0:00:01]} g6 {[%emt 0:00:02]} 5. Bb2 {[%emt 0:00:01]} Bg7 {[%emt 0:00:00]} 6. Nc3 {[%emt 0:00:01]} O-O {[%emt 0:00:00]} 7. Rb1 {[%emt 0:00:02]} Nc6 {[%emt 0:00:01]} 8. h4 {[%emt 0:00:01]} Ne7 {[%emt 0:00:01]} 9. Be2 {[%emt 0:00:01]} Nf5 {[%emt 0:00:01]} 10. Qh2 {[%emt 0:00:01]} c5 {[%emt 0:00:03]} 11. g4 {[%emt 0:00:01]} Nd6 {[%emt 0:00:02]} 12. g5 {[%emt 0:00:01]} Nfe4 {[%emt 0:00:00]} 13. h5 {[%emt 0:00:04]} Qxg5 {[%emt 0:00:03]} 14. hxg6 {[%emt 0:00:02]} h6 {[%emt 0:00:04]} 15. gxf7+ {[%emt 0:00:02]} Rxf7 {[%emt 0:00:01]} 16. Nxe4 {[%emt 0:00:03]} Nxe4 {[%emt 0:00:01]} 17. Bxg7 {[%emt 0:00:03]} Rxg7 {[%emt 0:00:01]} 18. Nf3 {[%emt 0:00:02]} Qg2 {[%emt 0:00:05]} 19. Qxg2 {[%emt 0:00:04]} Rxg2 {[%emt 0:00:00]} 20. Ne5 {[%emt 0:00:02]} Rxf2 {[%emt 0:00:04]} 21. Rf1 {[%emt 0:00:04]} Rxf1+ {[%emt 0:00:02]} 22. Bxf1 {[%emt 0:00:02]} Ng3 {[%emt 0:00:00]} 23. Bd3 {[%emt 0:00:02]} c4 {[%emt 0:00:01]} 24. bxc4 {[%emt 0:00:02]} dxc4 {[%emt 0:00:00]} 25. Nxc4 {[%emt 0:00:01]} h5 {[%emt 0:00:02]} 26. Ne5 {[%emt 0:00:01]} h4 {[%emt 0:00:00]} 27. Ng4 {[%emt 0:00:01]} Kf7 {[%emt 0:00:01]} 28. Ne5+ {[%emt 0:00:02]} Kg7 {[%emt 0:00:01]} 29. Nf3 {[%emt 0:00:01]} b6 {[%emt 0:00:01]} 30. Nxh4 {[%emt 0:00:01]} Bb7 {[%emt 0:00:03]} 31. Kf2 {[%emt 0:00:01]} Nf5 {[%emt 0:00:01]} 32. Rg1+ {[%emt 0:00:01]} Kf6 {[%emt 0:00:02]} 33. Nxf5 {[%emt 0:00:01]} exf5 {[%emt 0:00:02]} 34. e4 {[%emt 0:00:01]} fxe4 {[%emt 0:00:01]} 35. Bc4 {[%emt 0:00:02]} Ke5 {[%emt 0:00:00]} 36. Rg5+ {[%emt 0:00:01]} Kd4 {[%emt 0:00:01]} 37. Bb3 {[%emt 0:00:02]} e3+ {[%emt 0:00:01] Zaman (Lag: Av=0.28s, max=0.4s)} 0-1

[Event "Stay Safe Play From Home 236"]
[Site "Emanuel Lasker Arena"]
[Date "2020.06.18"]
[Round "7"]
[White "Klasman"]
[Black "Shyamph1980"]
[Result "0-1"]
[WhiteElo "1258"]
[BlackElo "1457"]
[Annotator "NA RC"]
[PlyCount "46"]
[EventDate "2020.06.18"]
[EventType "swiss (blitz)"]

1. f4 {[%emt 0:00:01]} b6 {[%emt 0:00:02]} 2. e4 {[%emt 0:00:02]} Bb7 {[%emt 0:00:01]} 3. Nc3 {[%emt 0:00:01]} d6 {[%emt 0:00:01]} 4. d4 {[%emt 0:00:01]} Nd7 {[%emt 0:00:01]} 5. Nf3 {[%emt 0:00:01]} g6 {[%emt 0:00:00]} 6. Bd3 {[%emt 0:00:01]} Bg7 {[%emt 0:00:00]} 7. Be3 {[%emt 0:00:01]} Ngf6 {[%emt 0:00:01]} 8. O-O {[%emt 0:00:02]} O-O {[%emt 0:00:03]} 9. f5 {[%emt 0:00:04]} Ng4 {[%emt 0:00:02]} 10. Bg5 {[%emt 0:00:04]} f6 {[%emt 0:00:02]} 11. Bh4 {[%emt 0:00:02]} g5 {[%emt 0:00:01]} 12. Nxg5 {[%emt 0:00:03]} fxg5 {[%emt 0:00:02]} 13. Bxg5 {[%emt 0:00:01]} Ngf6 {[%emt 0:00:02]} 14. h4 {[%emt 0:00:04]} Kh8 {[%emt 0:00:01]} 15. Qe2 {[%emt 0:00:07]} Rg8 {[%emt 0:00:01]} 16. g4 {[%emt 0:00:03]} h6 {[%emt 0:00:12]} 17. Bxf6 {[%emt 0:00:03]} Bxf6 {[%emt 0:00:02]} 18. Qh2 {[%emt 0:00:10]} e5 {[%emt 0:00:06]} 19. d5 {[%emt 0:00:02]} Nc5 {[%emt 0:00:02]} 20. Qh3 {[%emt 0:00:02]} Bxh4 {[%emt 0:00:01]} 21. Qxh4 {[%emt 0:00:02]} Qxh4 {[%emt 0:00:02]} 22. Ne2 {[%emt 0:00:02]} Qxg4+ {[%emt 0:00:01]} 23. Kf2 {[%emt 0:00:02]} Nxe4+ {[%emt 0:00:01] Time (Lag: Av=0.68s, max=0.9s)} 0-1

[Event "Stay Safe Play From Home 236"]
[Site "Emanuel Lasker Arena"]
[Date "2020.06.18"]
[Round "8"]
[White "Broken sword"]
[Black "Mepe_Nika"]
[Result "0-1"]
[WhiteElo "2398"]
[BlackElo "2354"]
[Annotator "TA"]
[PlyCount "140"]
[EventDate "2020.06.18"]
[EventType "swiss (blitz)"]

{[%evp 21,139,-23,-25,-24,-22,-27,-31,-30,0,0,5,0,0,0,10,0,3,-12,-13,-45,-5,-6,0,0,7,7,5,6,7,-260,0,0,0,0,15,-2,0,0,6,0,29,-9,0,-59,-51,-176,-116,-795,-708,-847,0,-327,-37,-272,-258,-789,-727,-12842,-12843,-29986,-12838,-12837,-12835,-12840,-12840,-12841,-12841,-12841,-12841,-12840,-12839,-12842,-12841,-12842,-12843,-12843,-12843,-12845,-12845,-12847,-12847,-12848,-12847,-12848,-12847,-12848,-12848,-12850,-12847,-12848,-12847,-12850,-12848,-12850,-12850,-12851,-29993,-29992,-29993,-29989,-29993,-29994,-29995,-29995,-29996,-29996,-27999,-27998,-27998,-27999,-27999,-27999,-27999,-27999,-27999,-27999,-27999,-27999,-27999,-27999]} 1. d4 c5 2. Nf3 cxd4 3. Nxd4 g6 4. c4 Bg7 5. Nc3 Nc6 6. e3 Nf6 7. Be2 O-O 8. O-O d5 9. cxd5 Nxd5 10. Nxc6 bxc6 11. Nxd5 cxd5 12. Rb1 {A35: Symmetrical English: 2 Nc3 Nc6 3 Nf3.} Bf5 13. Bd3 Bxd3 14. Qxd3 {[#] Black is slightly better.} e5 $146 ({Predecessor:} 14... Qa5 15. a3 e6 16. Bd2 Qa4 17. Rfc1 Rfc8 18. Rxc8+ Rxc8 19. Rc1 Rxc1+ 20. Bxc1 Qc6 {0-1 (36) Graetsch,A (1836)-Telljohann,S (2404) Niedernhausen 2017}) 15. Bd2 d4 16. Rfd1 Qd5 17. exd4 exd4 18. a3 a5 19. Rbc1 a4 20. Qc4 (20. b4 {looks sharper.} axb3 21. Rb1 Rab8 22. Bb4 Rfc8 23. Rxb3 h5 24. h3) 20... Qxc4 (20... Qf5 {feels hotter.} 21. b4 axb3 22. Qxb3 Rfe8 23. Re1 Red8) 21. Rxc4 Rfb8 22. Bb4 Rd8 23. g3 Rd7 24. Rd3 h5 25. Bc5 $2 {[%mdl 8192]} (25. Kf1 $11 {and White is okay.}) 25... h4 $2 (25... Rc7 $19 {And now ...Rac8 would win.} 26. Rd2 Rac8 27. Rcxd4 Rxc5 28. Rxa4 Rc2 29. Rxc2 Rxc2 30. Ra8+ Kh7) 26. Bb4 $11 h3 27. Kf1 Re8 28. Rc1 (28. g4 {is more complex.} Be5 29. Bd2 Rb7 30. f4 Bg7 31. Rb4) 28... g5 29. Re1 Rxe1+ 30. Kxe1 {[%mdl 4096] Endgame KRB-KRB} g4 31. f3 f5 32. fxg4 (32. f4 $11) 32... fxg4 $15 33. Kd1 ({Better is} 33. b3 $1 $15) 33... Rf7 (33... Kf7 $19 34. b3 axb3 35. Rxb3 Ke6) 34. Be1 $2 {[%mdl 8192]} (34. Ke1 $17) 34... Rf1 $19 35. Ke2 Rf7 $2 (35... Rh1 $19 36. Kf2 Rxh2+ 37. Kg1 Rxb2) 36. Rd1 $2 {[%mdl 8192]} (36. Kd1 $11) 36... Rb7 $2 ({Black should play} 36... Re7+ $19 37. Kf1 Kf7) 37. Rd2 $2 (37. Bb4 $15) 37... Rb3 38. Kd1 $2 (38. Bf2 d3+ {[%mdl 64] Deflection} 39. Rxd3 Rxb2+ 40. Kf1) 38... d3 39. Bf2 Bxb2 40. Bc5 {[#]} Bxa3 (40... Bd4 $142 $1 {[%mdl 512]} 41. Ra2 (41. Bxd4 Rb1#) 41... Bxc5 42. Kd2 Rxa3 43. Rxa3 Bxa3 44. Kxd3 Bc5 45. Kc4 Bg1 46. Kb4 Bxh2 47. Kxa4 Bxg3 48. Kb5 h2 49. Kc5 h1=Q 50. Kc4 Qc1+ 51. Kb5 Bd6 52. Kb6 Qc5+ 53. Kb7 Qb5+ 54. Kc8 Kf7 55. Kd8 Qe8#) 41. Bxa3 Rxa3 {[%cal Ra3a1] KR-KR} 42. Rb2 Rb3 43. Ra2 a3 {[%cal Ba4a3,Ba3a2][%mdl 32]} 44. Ra1 Kf7 45. Kd2 Ke6 46. Ke3 Kd5 47. Rf1 a2 48. Ra1 Rb2 49. Kxd3 Rxh2 50. Kc3 Rg2 51. Kd3 Rxg3+ 52. Ke2 Rg2+ 53. Ke3 Ke5 54. Kd3 Kf4 55. Rf1+ Kg3 56. Ra1 h2 {[#] ( -> ...Rg1)} 57. Ke4 Rg1 58. Rxa2 h1=Q+ 59. Kf5 {Black mates.} Qf3+ 60. Kg5 Rg2 61. Ra4 Re2 62. Ra5 Qf4+ 63. Kh5 Re5+ 64. Rxe5 Qxe5+ 65. Kg6 Kf4 66. Kh6 Qf6+ 67. Kh7 Qg5 68. Kh8 Kf5 69. Kh7 Kf6 70. Kh8 Qg7# {Accuracy: White = 51%, Black = 75%.} 0-1

[Event "Stay Safe Play From Home 236"]
[Site "Emanuel Lasker Arena"]
[Date "2020.06.18"]
[Round "8"]
[White "little champs"]
[Black "Lamborghini"]
[Result "0-1"]
[WhiteElo "2255"]
[BlackElo "2283"]
[Annotator "TA"]
[PlyCount "100"]
[EventDate "2020.06.18"]
[EventType "swiss (blitz)"]

{[%evp 9,99,23,31,20,37,30,52,36,60,61,66,62,71,10,12,-8,15,18,23,24,20,0,47,-4,13,7,26,-18,0,0,18,0,7,-46,0,-221,0,-34,-44,-50,0,-18,-15,0,178,208,189,0,0,-16,-16,-65,-72,-161,0,0,512,-143,-125,-525,-494,-513,-222,-175,590,581,1056,1026,880,0,0,0,1066,260,222,181,638,89,707,722,1237,14,20,15,29965,-6215,-163,-29997,-29998,-29998,-29999,-29999]} 1. d4 e6 2. e3 c6 3. Nf3 d6 {[#]} 4. Be2 $146 ({Predecessor:} 4. b3 Be7 5. Bb2 Bf6 6. c4 Ne7 7. Be2 O-O 8. O-O Nd7 9. Nc3 d5 10. cxd5 Nxd5 {1-0 (35) Joehn,J (1635)-Doering,M (1286) Rostock 2008}) 4... Nf6 5. O-O Be7 6. c4 {A40: Unusual replies to 1 d4.} O-O 7. b3 a5 8. Bb2 {White is slightly better.} Na6 9. Nc3 d5 10. c5 Nd7 11. Bxa6 (11. Qc2 $16) 11... Rxa6 $11 12. Re1 b5 13. e4 dxe4 14. Nxe4 Nf6 15. Qd3 Nd5 16. Rad1 (16. a4 $14) 16... Ra8 {[%cal Ba6a8,Ba8d8,Bd8d5][%mdl 32]} 17. Ne5 Bb7 18. g3 Qc7 (18... f6 {seems wilder.} 19. Nf3 Qd7 20. Nc3 a4 21. Qe4 Rfd8) 19. Nc3 Rad8 20. Nxd5 Rxd5 21. Nf3 (21. Qf3 $11) 21... Rfd8 (21... Bxc5 $5 22. Ng5 g6 $17) 22. Bc3 $2 {[#]} (22. Qe2 $11) 22... Bf6 $2 (22... Bxc5 $1 $19 {[%mdl 512] Threatens to win with ...Ba7.} 23. Rc1 (23. dxc5 Rxd3) 23... Ba3) 23. Qd2 b4 24. Bb2 Rxc5 25. dxc5 Rxd2 26. Rxd2 {Hoping for Red1.} h6 $2 (26... Bxb2 $11 {and Black stays safe.} 27. Rxb2 Bc8) 27. Bxf6 $18 gxf6 28. Rd6 $2 (28. Red1 $18 Bc8 29. Rd8+ Kg7 30. Re8) 28... a4 $11 29. Red1 Qa5 30. Rd8+ Kg7 31. R8d7 (31. Nd4 $17) 31... Ba6 $2 (31... Bc8 $19 32. Rd8 axb3 33. axb3 Qa6) 32. Ra7 {And now Rdd7 would win.} Qb5 $2 {[%mdl 8192]} (32... axb3 $1 $11 {and Black has nothing to worry.} 33. axb3 Qa2) 33. bxa4 $2 (33. Nd4 $18 Qa5 34. Nxe6+ (34. Nxc6 Qxc5 35. Rxa6 Qb5 $18) 34... Kg6 35. Nc7) 33... Qe2 $17 {[%mdl 64] Double Attack} 34. Rc1 $2 {[%mdl 8192]} (34. Re1 $17 {was the crucial defense.} Qxf3 35. Rxa6) 34... Bd3 $19 35. Nd4 Qe4 (35... Qxa2 $142 36. Rd1 e5 37. Ne6+ (37. Nxc6 $2 b3 $19) 37... Kg6 38. Nf8+ Kf5) 36. Rd7 {[#]} Bc4 $4 {[%mdl 8192]} (36... e5 $1 $19 {[%cal Re5d4] avoids the disaster.} 37. Nxc6 Bc4) 37. Rxc4 $18 Qe1+ 38. Kg2 Qe4+ 39. Kg1 $2 ({White has to play} 39. f3 $18 Qe1 40. Rc2) 39... Qe1+ $11 40. Kg2 h5 $2 {[%mdl 8192]} (40... Qe4+ $11 41. f3 Qe3) 41. f3 $2 (41. Nxc6 Qe2 42. Rxb4) 41... Qd2+ $18 42. Kh3 Qf2 $2 (42... Kg6 43. Rb7 Qd1 44. Rbxb4 (44. Rcxb4 e5 $14) 44... e5 45. Nxc6 Kg5 46. f4+ {[%mdl 64] Double Attack} Kh6) 43. Nxe6+ $2 (43. Rxb4 $18 {and the rest is easy.} e5 44. Nf5+ Kg6 45. Ne7+ Kh7 46. Nxc6 {[%mdl 64] Discovered Attack}) 43... Kg6 $2 {[%mdl 8192]} (43... Kh6 $16 44. Rxb4 fxe6) 44. Nf4+ Kf5 45. Rxf7 $2 ({White should play} 45. Rxb4 $18 Qxf3 46. Rxf7) 45... Qf1+ $11 46. Ng2 Qxc4 $4 {[%mdl 8192]} (46... Kg6 $11) 47. f4 $4 {[%mdl 8192]} (47. Ne3+ {was the only winning move.} Ke6 48. Nxc4 Kxf7 49. a5 f5 50. a6 Ke6 51. a7 Kd5 52. a8=Q Kxc5 53. Na5) 47... Kg6 $2 (47... Qxf7 48. Ne3+ {[#]} Ke4 $1 {[%mdl 512]}) 48. Rh7 $2 (48. Re7 $19) 48... Qe6+ {Black mates.} 49. f5+ Qxf5+ {[%mdl 64] Double Attack} 50. Kh4 Qg4# {Accuracy: White = 41%, Black = 58%.} 0-1